Practical Statistics for Data Scientists
Guardat en:
| Autor principal: | |
|---|---|
| Format: | Llibre |
| Publicat: |
shroff
|
| Matèries: | |
| Etiquetes: |
Sense etiquetes, Sigues el primer a etiquetar aquest registre!
|
MARC
| LEADER | 00000nam a2200000Ia 4500 | ||
|---|---|---|---|
| 005 | 20260427112656.0 | ||
| 526 | |b Data Science | ||
| 100 | |a Peter Bruce | ||
| 020 | |a 9788194435006 | ||
| 650 | |a Statistics | ||
| 526 | |a Bachelors | ||
| 942 | |c BK | ||
| 245 | |a Practical Statistics for Data Scientists | ||
| 260 | |b shroff | ||
| 999 | |c 48 |d 48 | ||
| 952 | |0 0 |1 0 |4 0 |7 0 |8 2 |a BRISTOL |b BRISTOL |d 2026-04-22 |l 0 |p 000041 |r 2026-04-27 11:26:57 |w 2026-04-27 |y BK | ||